Loading...

Lokacinemayude moonamkannu

Bibliographic Details
Main Author: Madhu Eravankara
Format: Printed Book
Published: Thiruvananthapuram Chintha pub. 2012
Subjects:
LEADER 00464nam a22001457a 4500
020 |a 938208000 
082 |a 791.4375 
100 |a Madhu Eravankara 
245 |a Lokacinemayude moonamkannu 
260 |a Thiruvananthapuram  |b Chintha pub.  |c 2012 
300 |a 144p 
650 |a Cinema 
942 |c BK 
999 |c 291374  |d 291374 
952 |0 0  |1 0  |4 0  |6 791_437500000000000_MAD_L  |7 0  |9 331647  |a HIS  |b HIS  |c ST1  |d 2018-02-20  |g 100.00  |i 25954  |l 0  |o 791.4375 MAD/L  |p HIS25954  |r 2018-08-23  |w 2018-08-23  |y BK